00555nam a22001817a 450000500170000001000280001702000260004503500170007103500130008803700160010108200120011710000270012924500850015626000400024127000530028130000270033450000120036120190905144808.0 a1819CHEN B-718104-124 a9789353049393c295.00 aB-718104-124 aB-728583 bPansy Books a658.409 aPilllai, Radhakrishnan aChanakya in the classroom: life lessons for students /cby Radhakrishnan Pilllai bRupa Publicationsc2019aNew Delhi  a7/16, Ansari Road, DaryaganjbNew Delhi e110002 axxii,148p. c20cm(pbk) aAirport